[Event "Online Olym Div2 D"]
[Site "Chess.com INT"]
[Date "2021.09.04"]
[Round "8.5"]
[White "Guerrero Rodriguez, Alejandra"]
[Black "Gutierrez Salazar, Leonela"]
[Result "0-1"]
[WhiteElo "2019"]
[BlackElo "1996"]
[PlyCount "114"]
[EventDate "2021.09.02"]
[EventType "team (rapid)"]
[EventRounds "9"]
[EventCountry "USA"]
[SourceTitle "CBM 204 Extra"]
[Source "ChessBase"]
[SourceDate "2021.11.30"]
[SourceVersion "1"]
[SourceVersionDate "2021.11.30"]
[SourceQuality "1"]
[WhiteTeam "Mexico"]
[BlackTeam "Venezuela"]
[WhiteTeamCountry "MEX"]
[BlackTeamCountry "VEN"]

1. e4 c5 2. c3 d5 3. exd5 Qxd5 4. d4 Nc6 5. Nf3 Nf6 6. Be2 e6 7. 0-0 Be7 8. Be3 0-0 9. dxc5 a5 10. Na3 Qxd1 11. Rfxd1 Nd5 12. Bd4 Nf4 13. Bf1 Ng6 14. Nb5 e5 15. Be3 Bg4 16. Be2 e4 17. Nfd4 Nxd4 18. Nxd4 Bxe2 19. Nxe2 Ne5 20. Nf4 Rfd8 21. Nd5 Bf8 22. b4 Nd3 23. Rd2 Rxd5 24. Rad1 Rad8 25. a3 R5d7 26. f3 exf3 27. gxf3 Ne5 28. Kf2 Rxd2+ 29. Rxd2 Rxd2+ 30. Bxd2 g6 31. Ke2 Bg7 32. a4 Nc4 33. Be1 Kf8 34. Bg3 Nb2 35. bxa5 Bxc3 36. Bc7 Nxa4 37. Kd3 Be1 38. Kc4 Ke8 39. Kb5 Kd7 40. Be5 Nc3+ 41. Kb6 Nd5+ 42. Kxb7 Bxa5 43. c6+ Ke6 44. Bg3 f5 45. Bb8 g5 46. Ka6 Bd8 47. Kb7 h5 48. Bg3 f4 49. Bf2 g4 50. fxg4 hxg4 51. Ka6 Ke5 52. Kb5 Ke4 53. Kc5 Bb6+ 54. Kd6 Bxf2 55. c7 Nxc7 56. Kxc7 g3 57. hxg3 fxg3 0-1

[Event "Online Olym Div2 D"]
[Site "Chess.com INT"]
[Date "2021.09.04"]
[Round "9.2"]
[White "Gutierrez Salazar, Leonela"]
[Black "Besso, Guadalupe"]
[Result "1/2-1/2"]
[WhiteElo "1996"]
[BlackElo "2111"]
[PlyCount "110"]
[EventDate "2021.09.02"]
[EventType "team (rapid)"]
[EventRounds "9"]
[EventCountry "USA"]
[SourceTitle "CBM 204 Extra"]
[Source "ChessBase"]
[SourceDate "2021.11.30"]
[SourceVersion "1"]
[SourceVersionDate "2021.11.30"]
[SourceQuality "1"]
[WhiteTeam "Venezuela"]
[BlackTeam "Argentina"]
[WhiteTeamCountry "VEN"]
[BlackTeamCountry "ARG"]

1. e4 c5 2. Nf3 d6 3. d4 cxd4 4. Nxd4 Nf6 5. Nc3 g6 6. Be2 Bg7 7. 0-0 0-0 8. Kh1 Nc6 9. Be3 Nxd4 10. Bxd4 Be6 11. f4 Rc8 12. Bf3 Bc4 13. Re1 b5 14. b3 b4 15. bxc4 bxc3 16. Qd3 Qc7 17. Be2 Qc6 18. Bf1 e5 19. fxe5 dxe5 20. Bxa7 Ng4 21. h3 Nf6 22. Bg1 Rfd8 23. Qxc3 Nxe4 24. Qe3 Nc5 25. Rad1 Ne6 26. c5 Nf4 27. Kh2 Bf6 28. Qf3 Qa4 29. Be3 Qxc2 30. Rxd8+ Rxd8 31. c6 Kg7 32. a3 Rc8 33. Bb5 Qc3 34. Rc1 Qa5 35. a4 Qc7 36. Qe4 Bg5 37. Rd1 Qe7 38. Rd7 Qa3 39. Bg1 Bf6 40. Qc4 Rf8 41. c7 Qb2 42. Qe4 Bg5 43. Ba6 Kg8 44. Bc4 Kg7 45. Bxf7 Kh6 46. Be6 Nh5 47. Rd3 Bf4+ 48. Kh1 Qc1 49. c8Q Rxc8 50. Bxc8 Qxc8 51. Qf3 Ng3+ 52. Kh2 Ne4+ 53. Kh1 Ng3+ 54. Kh2 Ne4+ 55. Kh1 Ng3+ 1/2-1/2

[Event "VEN-ch (Women)"]
[Site "Merida"]
[Date "2016.02.24"]
[Round "5"]
[White "Gutierrez Salazar, Leonela"]
[Black "Varela la Madrid, Tilsia Carolin"]
[Result "0-1"]
[WhiteElo "2062"]
[BlackElo "2011"]
[PlyCount "76"]
[EventDate "2016.02.21"]
[EventType "tourn"]
[EventRounds "11"]
[EventCountry "VEN"]
[SourceTitle "CBM 171 Extra"]
[Source "ChessBase"]
[SourceDate "2016.04.26"]
[SourceVersion "1"]
[SourceVersionDate "2016.04.26"]
[SourceQuality "1"]

1. e4 e5 2. Bc4 Nf6 3. d3 Nc6 4. Nf3 Bc5 5. c3 d6 6. Bb3 a6 7. Nbd2 Be6 8. h3 Ba7 9. 0-0 0-0 10. Nc4 Ne7 11. Nh4 Ng6 12. Nf5 d5 13. Nd2 dxe4 14. dxe4 Nxe4 15. Nh6+ gxh6 16. Nxe4 Qxd1 17. Rxd1 Bxb3 18. Nf6+ Kg7 19. Nh5+ Kh8 20. axb3 Nh4 21. Ra4 Nf5 22. g4 Nd6 23. Re1 b5 24. Ra1 f5 25. Bxh6 Rf7 26. Be3 Bxe3 27. Rxe3 fxg4 28. hxg4 Rg8 29. Rxe5 Rxg4+ 30. Kf1 Re4 31. Rg5 Re8 32. Rxa6 Ne4 33. Rxb5 Rxf2+ 34. Kg1 Rg8+ 35. Kh1 Rf3 36. Kh2 Nf2 37. Nf4 Rxf4 38. Rh5 Rfg4 0-1

[Event "VEN-ch (Women)"]
[Site "Merida"]
[Date "2016.02.23"]
[Round "4"]
[White "Camacho, Maria Laura"]
[Black "Gutierrez Salazar, Leonela"]
[Result "1/2-1/2"]
[WhiteElo "1899"]
[BlackElo "2062"]
[PlyCount "97"]
[EventDate "2016.02.21"]
[EventType "tourn"]
[EventRounds "11"]
[EventCountry "VEN"]
[SourceTitle "CBM 171 Extra"]
[Source "ChessBase"]
[SourceDate "2016.04.26"]
[SourceVersion "1"]
[SourceVersionDate "2016.04.26"]
[SourceQuality "1"]

1. d4 c5 2. e3 Nf6 3. Nf3 g6 4. b3 Bg7 5. Bb2 0-0 6. Bd3 cxd4 7. exd4 Nc6 8. 0-0 d5 9. a3 Qd6 10. Nbd2 Nh5 11. c4 Nf4 12. c5 Qc7 13. Bb5 a6 14. Bxc6 bxc6 15. b4 a5 16. bxa5 Ba6 17. Bc3 Bxf1 18. Qxf1 Rfb8 19. g3 Ne6 20. Qd3 Nf8 21. Re1 e6 22. Nh4 e5 23. dxe5 Ne6 24. Qe3 d4 25. Bxd4 Nxd4 26. Qxd4 Qxa5 27. Ndf3 Rd8 28. Qe4 Qxc5 29. e6 fxe6 30. Qxe6+ Kh8 31. Ne5 Bxe5 32. Rxe5 Qd6 33. Nf3 Qxe6 34. Rxe6 c5 35. Ng5 Re8 36. Rb6 Re7 37. Rc6 Rxa3 38. Rxc5 Ra2 39. h4 Kg7 40. Rc6 h6 41. Nh3 Ree2 42. Rc5 Kf6 43. Kg2 Re5 44. Rc6+ Re6 45. Rc5 Re5 46. Rc6+ Re6 47. Rc5 Rd6 48. Rb5 Rc6 49. Rd5 1/2-1/2

[Event "VEN-ch (Women)"]
[Site "Lecheria"]
[Date "2015.03.19"]
[Round "11"]
[White "Gutierrez Salazar, Leonela"]
[Black "Vasquez Alcala, Astrid"]
[Result "1-0"]
[WhiteElo "2069"]
[BlackElo "2016"]
[PlyCount "151"]
[EventDate "2015.03.12"]
[EventType "tourn"]
[EventRounds "11"]
[EventCountry "VEN"]
[SourceTitle "CBM 165 Extra"]
[Source "ChessBase"]
[SourceDate "2015.04.21"]
[SourceVersion "1"]
[SourceVersionDate "2015.04.21"]
[SourceQuality "1"]

1. e4 c5 2. Nf3 e6 3. d4 cxd4 4. Nxd4 a6 5. Bd3 Qc7 6. 0-0 Nf6 7. Nc3 Nc6 8. Be3 b5 9. Kh1 Bb7 10. a3 Be7 11. f4 d6 12. Qe2 0-0 13. Rae1 Na5 14. Bg1 g6 15. f5 e5 16. fxg6 hxg6 17. Nf3 Rac8 18. Nd2 Nh5 19. Be3 Bh4 20. Rd1 Bg3 21. Qg4 Bf4 22. Bxf4 Nxf4 23. Rf3 Qe7 24. Rg3 Qe6 25. Nf1 Qxg4 26. Rxg4 Nxd3 27. cxd3 Nb3 28. Ne3 Nd4 29. Rf1 Ne6 30. Nf5 Rcd8 31. Ne7+ Kh7 32. Ncd5 Bxd5 33. Nxd5 Rc8 34. Nc3 Nf4 35. Rg3 Kg7 36. Rgf3 Rc5 37. g3 Ne6 38. Rf6 a5 39. R6f2 Nc7 40. Kg2 Ne6 41. Nd5 Nd4 42. b4 axb4 43. axb4 Rc6 44. Ra1 f5 45. Ra7+ Rf7 46. Ne7 Rc2 47. Rxc2 Nxc2 48. exf5 Ne3+ 49. Kf3 Nxf5 50. Nxf5+ gxf5 51. Ra6 Rd7 52. Rb6 Kf6 53. Rxb5 Ra7 54. g4 fxg4+ 55. Kxg4 Ra3 56. d4 e4 57. Rf5+ Ke6 58. d5+ Ke7 59. Rf4 e3 60. Re4+ Kd7 61. h4 Rb3 62. Kf3 Rd3 63. Rxe3 Rxd5 64. Re4 Rb5 65. Kg4 d5 66. Rf4 Ke6 67. h5 Rb8 68. h6 Rh8 69. Kh5 Ke5 70. Rf1 Rb8 71. h7 Kd4 72. b5 Kc5 73. b6 d4 74. b7 d3 75. Rc1+ Kd6 76. Rd1 1-0

[Event "VEN-ch (Women)"]
[Site "Lecheria"]
[Date "2015.03.18"]
[Round "10"]
[White "Duran Reina, Luisa Elena"]
[Black "Gutierrez Salazar, Leonela"]
[Result "1/2-1/2"]
[WhiteElo "1921"]
[BlackElo "2069"]
[PlyCount "36"]
[EventDate "2015.03.12"]
[EventType "tourn"]
[EventRounds "11"]
[EventCountry "VEN"]
[SourceTitle "CBM 165 Extra"]
[Source "ChessBase"]
[SourceDate "2015.04.21"]
[SourceVersion "1"]
[SourceVersionDate "2015.04.21"]
[SourceQuality "1"]

1. d4 Nf6 2. c4 g6 3. Nc3 Bg7 4. e4 d6 5. Nf3 0-0 6. h3 e5 7. d5 Nbd7 8. Bg5 a5 9. Be2 Nc5 10. 0-0 h6 11. Bxf6 Bxf6 12. Nd2 h5 13. Nb3 b6 14. Nxc5 bxc5 15. Nb5 Bd7 16. a4 Bg7 17. Ra3 h4 18. g4 Bh6 1/2-1/2

[Event "VEN-ch (Women)"]
[Site "Lecheria"]
[Date "2015.03.15"]
[Round "6"]
[White "Montilla Reyes, Jorcerys"]
[Black "Gutierrez Salazar, Leonela"]
[Result "1-0"]
[WhiteElo "2112"]
[BlackElo "2069"]
[PlyCount "131"]
[EventDate "2015.03.12"]
[EventType "tourn"]
[EventRounds "11"]
[EventCountry "VEN"]
[SourceTitle "CBM 165 Extra"]
[Source "ChessBase"]
[SourceDate "2015.04.21"]
[SourceVersion "1"]
[SourceVersionDate "2015.04.21"]
[SourceQuality "1"]

1. d4 Nf6 2. c4 g6 3. Nc3 Bg7 4. e4 d6 5. f4 0-0 6. Nf3 c5 7. d5 e6 8. Be2 exd5 9. cxd5 Bg4 10. 0-0 Nbd7 11. Re1 a6 12. a4 Qa5 13. h3 Bxf3 14. Bxf3 Ne8 15. Bd2 Qd8 16. Qc2 Nc7 17. Ne2 b5 18. e5 Nb6 19. Nc3 Nc4 20. e6 Re8 21. axb5 Nxd2 22. Qxd2 Bxc3 23. bxc3 axb5 24. Rxa8 Qxa8 25. f5 Qd8 26. Qf4 g5 27. Qe4 fxe6 28. dxe6 Qe7 29. Qc6 Rf8 30. Ra1 Ne8 31. Bh5 Nf6 32. Bf7+ Kg7 33. Qxb5 g4 34. Qd3 Rxf7 35. exf7 Kxf7 36. hxg4 h6 37. Rd1 d5 38. Qd2 Qe4 39. g5 hxg5 40. Qxg5 Ng4 41. Ra1 Qe3+ 42. Qxe3 Nxe3 43. Ra5 d4 44. cxd4 cxd4 45. Kf2 Kf6 46. Kf3 Nxf5 47. Ke4 Ne3 48. g3 Kg6 49. Ra3 Kg5 50. Ra8 Kf6 51. Rd8 Nc2 52. Rf8+ Kg5 53. Rg8+ Kf6 54. Kd3 Ne3 55. Kxd4 Kf7 56. Kxe3 Kxg8 57. Kf4 Kh8 58. Kf5 Kh7 59. Kf6 Kh8 60. g4 Kg8 61. g5 Kh7 62. Kf7 Kh8 63. Kg6 Kg8 64. Kh6 Kh8 65. g6 Kg8 66. g7 1-0

[Event "VEN-ch (Women)"]
[Site "Lecheria"]
[Date "2015.03.13"]
[Round "3"]
[White "Gutierrez Salazar, Leonela"]
[Black "Varela la Madrid, Maria"]
[Result "0-1"]
[WhiteElo "2069"]
[BlackElo "1948"]
[PlyCount "116"]
[EventDate "2015.03.12"]
[EventType "tourn"]
[EventRounds "11"]
[EventCountry "VEN"]
[SourceTitle "CBM 165 Extra"]
[Source "ChessBase"]
[SourceDate "2015.04.21"]
[SourceVersion "1"]
[SourceVersionDate "2015.04.21"]
[SourceQuality "1"]

1. e4 c5 2. Nf3 g6 3. d4 cxd4 4. Nxd4 Bg7 5. Be3 Nc6 6. Nc3 d6 7. Bc4 Nf6 8. h3 0-0 9. Bb3 Bd7 10. 0-0 a6 11. a3 Rc8 12. Re1 Na5 13. Qd3 b5 14. Rad1 Nc4 15. Bc1 Re8 16. Bxc4 Rxc4 17. Nf3 Qc7 18. Bg5 Be6 19. e5 dxe5 20. Nxe5 Rc5 21. Nf3 Nd5 22. Ne4 Rc4 23. c3 Nb6 24. b3 Rc6 25. Nd4 Bxd4 26. Qxd4 Bxb3 27. Rd3 Nd5 28. Bh6 e5 29. Nd2 f6 30. Qh4 Rxc3 31. Rg3 Rxg3 32. Qxg3 Bc4 33. Ne4 Re6 34. Rd1 Qc6 35. h4 Nf4 36. Rd8+ Kf7 37. Qe3 Ne2+ 38. Kh2 Nd4 39. Rh8 Re8 40. Rxh7+ Ke6 41. f4 Bd5 42. Ng5+ Kd6 43. fxe5+ fxe5 44. Qd3 Qc2 45. Qh3 Qf5 46. Qc3 Qf4+ 47. Kh3 Qf5+ 48. Kh2 Qf4+ 49. Kh3 Qf5+ 50. Kh2 Qc2 51. Qb4+ Kc6 52. Ne4 Qxe4 53. Qc3+ Bc4 54. Bg5 Nb3 55. Rg7 Qf5 56. Qe3 Nc5 57. Qd2 e4 58. Qe3 Qe5+ 0-1

[Event "VEN-ch (Women)"]
[Site "Lecheria"]
[Date "2015.03.13"]
[Round "2"]
[White "Sanchez Castillo, Sarai Carolina"]
[Black "Gutierrez Salazar, Leonela"]
[Result "1-0"]
[WhiteElo "2215"]
[BlackElo "2069"]
[PlyCount "59"]
[EventDate "2015.03.12"]
[EventType "tourn"]
[EventRounds "11"]
[EventCountry "VEN"]
[SourceTitle "CBM 165 Extra"]
[Source "ChessBase"]
[SourceDate "2015.04.21"]
[SourceVersion "1"]
[SourceVersionDate "2015.04.21"]
[SourceQuality "1"]

1. e4 c5 2. Nf3 d6 3. Nc3 a6 4. a4 Nc6 5. d4 cxd4 6. Nxd4 Nf6 7. Bc4 e6 8. 0-0 Be7 9. Ba2 0-0 10. Be3 Qc7 11. f4 Re8 12. h3 Bf8 13. Nxc6 Qxc6 14. e5 Nd7 15. exd6 Bxd6 16. Qf3 Bc5 17. Bxc5 Qxc5+ 18. Kh1 Nf6 19. Rad1 Rb8 20. Ne4 Nxe4 21. Qxe4 b5 22. b4 Qc7 23. a5 Bb7 24. Qe2 Qc3 25. Qd3 Qxb4 26. f5 e5 27. f6 g6 28. Bxf7+ Kf8 29. Bxe8 Rxe8 30. f7 1-0

[Event "Olympiad Women-41"]
[Site "Tromsoe"]
[Date "2014.08.14"]
[Round "11.2"]
[White "Gutierrez Salazar, Leonela"]
[Black "Shabanaj, Eglantina"]
[Result "1-0"]
[WhiteElo "2096"]
[BlackElo "2033"]
[PlyCount "71"]
[EventDate "2014.08.02"]
[EventType "team-swiss"]
[EventRounds "11"]
[EventCountry "NOR"]
[SourceTitle "CBM 162"]
[Source "ChessBase"]
[SourceDate "2014.09.17"]
[SourceVersion "1"]
[SourceVersionDate "2014.09.17"]
[SourceQuality "1"]
[WhiteTeam "Venezuela (W)"]
[BlackTeam "Albania (W)"]
[WhiteTeamCountry "VEN"]
[BlackTeamCountry "ALB"]

1. e4 e5 2. Bc4 Nf6 3. d3 Be7 4. Nf3 Nc6 5. 0-0 0-0 6. Bb3 d5 7. Qe2 Bg4 8. c3 Re8 9. Re1 a5 10. h3 Bh5 11. Nbd2 a4 12. Bc2 Qd7 13. Nf1 Bc5 14. Ng3 Bg6 15. Nh4 Ne7 16. Qf3 b5 17. Nhf5 Ra6 18. Bg5 Bxf5 19. exf5 Qd6 20. Rad1 Ba7 21. Rxe5 Bxf2+ 22. Kxf2 Qxe5 23. Bf4 Ng4+ 24. Qxg4 Qf6 25. Nh5 Qb6+ 26. Be3 Qxe3+ 27. Kxe3 Nxf5+ 28. Kd2 g6 29. Re1 Rxe1 30. Kxe1 Re6+ 31. Kd2 Ne3 32. Qf3 gxh5 33. Qxe3 Rxe3 34. Kxe3 c5 35. c4 d4+ 36. Ke4 1-0

[Event "Olympiad Women-41"]
[Site "Tromsoe"]
[Date "2014.08.05"]
[Round "4.2"]
[White "Thorsteinsdottir, Hallgerdur"]
[Black "Gutierrez Salazar, Leonela"]
[Result "1/2-1/2"]
[WhiteElo "1982"]
[BlackElo "2096"]
[PlyCount "91"]
[EventDate "2014.08.02"]
[EventType "team-swiss"]
[EventRounds "11"]
[EventCountry "NOR"]
[SourceTitle "CBM 162"]
[Source "ChessBase"]
[SourceDate "2014.09.17"]
[SourceVersion "1"]
[SourceVersionDate "2014.09.17"]
[SourceQuality "1"]
[WhiteTeam "Iceland (W)"]
[BlackTeam "Venezuela (W)"]
[WhiteTeamCountry "ISL"]
[BlackTeamCountry "VEN"]

1. e4 c5 2. Nf3 d6 3. Bb5+ Bd7 4. Bxd7+ Qxd7 5. c4 Nc6 6. Nc3 Nf6 7. 0-0 e6 8. d4 cxd4 9. Nxd4 Be7 10. b3 0-0 11. Bb2 Rfd8 12. Qd2 d5 13. cxd5 exd5 14. exd5 Nxd5 15. Nxc6 Qxc6 16. Rfd1 Nxc3 17. Qxc3 Qxc3 18. Bxc3 h6 19. g3 Rac8 20. Rxd8+ Bxd8 21. Rd1 Bb6 22. Rd3 h5 23. h4 Kh7 24. Kg2 Kg6 25. Kf3 f6 26. Bd2 Kf5 27. Be3 Bxe3 28. Rxe3 Rc7 29. Rd3 Ke5 30. Ke3 g5 31. hxg5 fxg5 32. f4+ gxf4+ 33. gxf4+ Ke6 34. Ke4 Rc2 35. f5+ Ke7 36. Rh3 Rxa2 37. Rxh5 b6 38. Rh7+ Kf6 39. Rh6+ Ke7 40. Kd5 Rd2+ 41. Kc4 Rc2+ 42. Kb4 Ra2 43. Kb5 Ra5+ 44. Kc6 Rc5+ 45. Kb7 Rb5 46. Kxa7 1/2-1/2

[Event "Olympiad Women-41"]
[Site "Tromsoe"]
[Date "2014.08.03"]
[Round "2.3"]
[White "Tan, Zhongyi"]
[Black "Gutierrez Salazar, Leonela"]
[Result "1-0"]
[WhiteElo "2468"]
[BlackElo "2096"]
[PlyCount "59"]
[EventDate "2014.08.02"]
[EventType "team-swiss"]
[EventRounds "11"]
[EventCountry "NOR"]
[SourceTitle "CBM 162"]
[Source "ChessBase"]
[SourceDate "2014.09.17"]
[SourceVersion "1"]
[SourceVersionDate "2014.09.17"]
[SourceQuality "1"]
[WhiteTeam "China (W)"]
[BlackTeam "Venezuela (W)"]
[WhiteTeamCountry "CHN"]
[BlackTeamCountry "VEN"]

1. d4 Nf6 2. c4 g6 3. Nc3 Bg7 4. e4 d6 5. Be2 0-0 6. Nf3 e5 7. Be3 c6 8. 0-0 Nbd7 9. d5 c5 10. Rb1 Ng4 11. Bd2 Bh6 12. h3 Bxd2 13. Qxd2 Ngf6 14. Qh6 Re8 15. Ng5 Nf8 16. f4 N6d7 17. Nb5 f6 18. Nxh7 Nxh7 19. Qxg6+ Kh8 20. Nxd6 Re7 21. Nf7+ Rxf7 22. Qxf7 exf4 23. Rxf4 Ne5 24. Qh5 Bd7 25. Rbf1 Be8 26. Qh6 Kg8 27. Bg4 Qe7 28. Be6+ Bf7 29. Rxf6 Nxf6 30. Qg5+ 1-0

[Event "VEN pre olympic (Women) 2nd"]
[Site "Barquisimeto"]
[Date "2014.04.17"]
[Round "3"]
[White "Gutierrez Salazar, Leonela"]
[Black "Varela la Madrid, Tilsia Carolin"]
[Result "1-0"]
[WhiteElo "2085"]
[BlackElo "1996"]
[PlyCount "65"]
[EventDate "2014.04.16"]
[EventType "tourn"]
[EventRounds "8"]
[EventCountry "VEN"]
[SourceTitle "EXT 2016"]
[Source "ChessBase"]
[SourceDate "2015.10.08"]
[SourceVersion "1"]
[SourceVersionDate "2015.10.08"]
[SourceQuality "1"]

1. e4 d5 2. exd5 Qxd5 3. Nc3 Qa5 4. d4 Nf6 5. Nf3 Bf5 6. Bc4 e6 7. Bd2 c6 8. Qe2 Nbd7 9. 0-0-0 Bb4 10. a3 Bxc3 11. Bxc3 Qc7 12. Ne5 Nxe5 13. dxe5 Nd5 14. Bd2 0-0-0 15. g4 Bg6 16. f4 h5 17. h3 Qe7 18. Qf2 Nb6 19. Bb3 hxg4 20. hxg4 Be4 21. Rxh8 Rxh8 22. a4 Kc7 23. Qd4 Bf3 24. Bb4 Qd7 25. Bd6+ Kd8 26. a5 Bxd1 27. axb6 Rh1 28. bxa7 Bxg4+ 29. Kd2 Ra1 30. Ba4 Rd1+ 31. Kc3 Qc8 32. Qb6+ Kd7 33. a8Q 1-0

[Event "Caracas Bandes Cup 1st"]
[Site "Caracas"]
[Date "2014.03.03"]
[Round "5"]
[White "Gutierrez Salazar, Leonela"]
[Black "Gascon del Nogal, Carlos Arturo"]
[Result "1-0"]
[WhiteElo "2090"]
[BlackElo "1906"]
[PlyCount "61"]
[EventDate "2014.03.01"]
[EventType "swiss"]
[EventRounds "7"]
[EventCountry "VEN"]
[SourceTitle "EXT 2018"]
[Source "ChessBase"]
[SourceDate "2017.10.13"]
[SourceVersion "1"]
[SourceVersionDate "2017.10.13"]
[SourceQuality "1"]

1. e4 e6 2. b3 d5 3. Bb2 Nf6 4. e5 Nfd7 5. f4 c5 6. Nf3 Nc6 7. Nc3 a6 8. g3 h5 9. Bg2 h4 10. Qe2 h3 11. Bf1 b5 12. f5 Qc7 13. 0-0-0 d4 14. fxe6 fxe6 15. Ne4 Ndxe5 16. Nfg5 Bd7 17. Bxh3 Rh6 18. d3 0-0-0 19. Bg2 Be7 20. Kb1 Rf8 21. Bc1 Rhh8 22. Bh3 Rh6 23. Bf4 Re8 24. Bg2 Qa5 25. h4 c4 26. dxc4 Nb4 27. c3 d3 28. Qf2 Nbc6 29. c5 Ng4 30. Qd2 e5 31. Qxd3 1-0

[Event "Caracas Bandes Cup 1st"]
[Site "Caracas"]
[Date "2014.03.02"]
[Round "3"]
[White "Perez Hernandez, Raul Felix"]
[Black "Gutierrez Salazar, Leonela"]
[Result "0-1"]
[WhiteElo "2140"]
[BlackElo "2090"]
[PlyCount "81"]
[EventDate "2014.03.01"]
[EventType "swiss"]
[EventRounds "7"]
[EventCountry "VEN"]
[SourceTitle "EXT 2018"]
[Source "ChessBase"]
[SourceDate "2017.10.13"]
[SourceVersion "1"]
[SourceVersionDate "2017.10.13"]
[SourceQuality "1"]

1. e4 c5 2. Nf3 d6 3. d4 cxd4 4. Nxd4 Nf6 5. Nc3 a6 6. f3 e6 7. Be3 b5 8. Qd2 b4 9. Nce2 d5 10. e5 Nfd7 11. f4 Qc7 12. g4 Nb6 13. b3 N8d7 14. Bg2 Bb7 15. 0-0 h5 16. f5 Nc5 17. fxe6 fxe6 18. Nf4 hxg4 19. Ng6 Rg8 20. Nxf8 Rxf8 21. Rxf8+ Kxf8 22. Qxb4 Kg8 23. Nxe6 Nxe6 24. Bxb6 Qxe5 25. Qxg4 Re8 26. Rf1 Qc3 27. Be3 Qxc2 28. Qg3 Rf8 29. Rc1 Qb2 30. Rd1 Qxa2 31. Qg4 Re8 32. Qg6 Re7 33. Bh3 Bc8 34. Bf5 Nf8 35. Qg5 Qe2 36. Rf1 Rf7 37. Rf2 Qe1+ 38. Rf1 Qxf1+ 39. Kxf1 Rxf5+ 40. Ke2 Rxg5 41. Bxg5 0-1

[Event "Caracas Bandes Cup 1st"]
[Site "Caracas"]
[Date "2014.03.01"]
[Round "2"]
[White "Garcia Garban, Jorge"]
[Black "Gutierrez Salazar, Leonela"]
[Result "0-1"]
[WhiteElo "1998"]
[BlackElo "2090"]
[PlyCount "44"]
[EventDate "2014.03.01"]
[EventType "swiss"]
[EventRounds "7"]
[EventCountry "VEN"]
[SourceTitle "EXT 2018"]
[Source "ChessBase"]
[SourceDate "2017.10.13"]
[SourceVersion "1"]
[SourceVersionDate "2017.10.13"]
[SourceQuality "1"]

1. Nf3 Nf6 2. g3 g6 3. Bg2 Bg7 4. 0-0 0-0 5. c4 d6 6. Nc3 e5 7. d4 exd4 8. Nxd4 Nbd7 9. Rb1 a5 10. b3 Nc5 11. Re1 Ng4 12. f3 Ne5 13. a3 c6 14. Be3 a4 15. Nxa4 Nxa4 16. bxa4 Nxc4 17. Bf2 Nxa3 18. Ra1 Nc4 19. Qb3 Na5 20. Qd3 c5 21. Nb5 Bxa1 22. Rxa1 c4 0-1

[Event "VEN-ch (Women)"]
[Site "Lecheria"]
[Date "2014.01.15"]
[Round "9"]
[White "Gutierrez Salazar, Leonela"]
[Black "Patino Garcia, Corals"]
[Result "1-0"]
[WhiteElo "2071"]
[BlackElo "1799"]
[PlyCount "65"]
[EventDate "2014.01.10"]
[EventType "swiss"]
[EventRounds "9"]
[EventCountry "VEN"]
[SourceTitle "CBM 158 Extra"]
[Source "ChessBase"]
[SourceDate "2014.02.28"]
[SourceVersion "1"]
[SourceVersionDate "2014.02.28"]
[SourceQuality "1"]

1. e4 c5 2. Nf3 d6 3. d4 cxd4 4. Nxd4 Nf6 5. Nc3 a6 6. h3 e6 7. g4 d5 8. Bg2 Bb4 9. 0-0 Bxc3 10. bxc3 Nxe4 11. c4 0-0 12. Bb2 Qc7 13. cxd5 exd5 14. Nf5 Bxf5 15. gxf5 Nd7 16. Kh1 Ndf6 17. Bxe4 dxe4 18. Rg1 Qc6 19. Qd4 e3+ 20. Kh2 exf2 21. Qxf2 Qd6+ 22. Kh1 Qc6+ 23. Rg2 Rad8 24. Qg3 g6 25. Qg5 Ne4 26. Qf4 Rfe8 27. Rag1 b5 28. h4 Qd6 29. Qh6 Qf8 30. Qf4 Qd6 31. Qf3 Nd2 32. Qc3 Kf8 33. Ba3 1-0

[Event "Panama op 3rd"]
[Site "Panama City"]
[Date "2013.10.30"]
[Round "1"]
[White "Vilela de Acuna, Jose Luis"]
[Black "Gutierrez Salazar, Leonela"]
[Result "1-0"]
[WhiteElo "2323"]
[BlackElo "2079"]
[PlyCount "87"]
[EventDate "2013.10.30"]
[EventType "swiss"]
[EventRounds "9"]
[EventCountry "PAN"]
[SourceTitle "EXT 2014"]
[Source "ChessBase"]
[SourceDate "2013.11.20"]
[SourceVersion "1"]
[SourceVersionDate "2013.11.20"]
[SourceQuality "1"]

1. d4 Nf6 2. Nf3 g6 3. Bg5 Ne4 4. Bh4 Bg7 5. Nbd2 d5 6. e3 c5 7. c3 0-0 8. Nxe4 dxe4 9. Nd2 cxd4 10. exd4 Nc6 11. Nxe4 Qd5 12. f3 Bf5 13. Bd3 e5 14. dxe5 Nxe5 15. Bc2 Qb5 16. Rb1 Rfe8 17. Qe2 Qc6 18. 0-0 Be6 19. b3 Nd7 20. Rbd1 f5 21. Nd6 Bxc3 22. Nxe8 Rxe8 23. Qd3 Bg7 24. Bb1 Ne5 25. Qd6 Qb5 26. Rfe1 Bf7 27. f4 Ng4 28. Rxe8+ Qxe8 29. Qd8 Bc3 30. h3 Nh6 31. Qxe8+ Bxe8 32. Bd3 b5 33. Rc1 b4 34. Bc4+ Nf7 35. Be1 Bd4+ 36. Bf2 Bc3 37. Bxa7 Kg7 38. Rd1 Bc6 39. Bd4+ Kf8 40. Bxf7 Kxf7 41. Bxc3 bxc3 42. Rc1 Be4 43. Rxc3 Ke6 44. Rc8 1-0

[Event "Forni di Sopra op 4th"]
[Site "Forni di Sopra"]
[Date "2013.06.17"]
[Round "3"]
[White "Gutierrez Salazar, Leonela"]
[Black "Laketic, Gojko"]
[Result "0-1"]
[WhiteElo "2090"]
[BlackElo "2410"]
[PlyCount "52"]
[EventDate "2013.06.15"]
[EventType "swiss"]
[EventRounds "9"]
[EventCountry "ITA"]
[SourceTitle "CBM 155 Extra"]
[Source "ChessBase"]
[SourceDate "2013.08.26"]
[SourceVersion "1"]
[SourceVersionDate "2013.08.26"]
[SourceQuality "1"]

1. e4 d6 2. d4 Nf6 3. Nc3 e5 4. Nf3 Nbd7 5. Bc4 Be7 6. h3 0-0 7. 0-0 c6 8. a4 b6 9. Qe2 a6 10. d5 c5 11. Na2 Nh5 12. g3 b5 13. axb5 Nb6 14. Nc3 Nxc4 15. bxa6 Na5 16. Nxe5 Nxg3 17. fxg3 dxe5 18. d6 Bxd6 19. Rd1 Bxa6 20. Qg4 Nb7 21. Nd5 Be2 22. Rxa8 Bxg4 23. Rxd8 Bxd1 24. Rd7 Rb8 25. Ne3 Be2 26. c4 Bf3 0-1

[Event "Ortisei Server24 op 2nd"]
[Site "Ortisei"]
[Date "2013.06.05"]
[Round "5"]
[White "Fierro Baquero, Martha Lorena"]
[Black "Gutierrez Salazar, Leonela"]
[Result "1-0"]
[WhiteElo "2364"]
[BlackElo "2090"]
[PlyCount "77"]
[EventDate "2013.06.01"]
[EventType "swiss"]
[EventRounds "9"]
[EventCountry "ITA"]
[SourceTitle "CBM 154 Extra"]
[Source "ChessBase"]
[SourceDate "2013.06.25"]
[SourceVersion "2"]
[SourceVersionDate "2013.06.25"]
[SourceQuality "1"]

1. c4 Nf6 2. g3 g6 3. Bg2 Bg7 4. Nc3 0-0 5. d3 d6 6. Nf3 Nc6 7. 0-0 e5 8. Rb1 a5 9. a3 Re8 10. Bg5 h6 11. Bxf6 Bxf6 12. b4 axb4 13. axb4 Bg7 14. b5 Ne7 15. Qb3 c6 16. Nd2 Be6 17. Qb4 d5 18. Na4 dxc4 19. Nc5 cxd3 20. Nxe6 fxe6 21. exd3 Qxd3 22. Ne4 Nd5 23. Qb2 Re7 24. bxc6 bxc6 25. Rfd1 Qc4 26. Rdc1 Qd4 27. Qe2 Rc8 28. Rc4 Qa7 29. Rbc1 Qb6 30. Qg4 Kh7 31. h4 h5 32. Ng5+ Kg8 33. Qe4 Rf8 34. R1c2 Qb1+ 35. Bf1 Rf6 36. Rxc6 Re8 37. Rc8 Rxc8 38. Rxc8+ Bf8 39. Qxb1 1-0